|
|
|
|
| LEADER |
00000nam0a2200000 4500 |
| 001 |
185535 |
| 005 |
20231031173004.0 |
| 010 |
|
|
|a 5256000314
|
| 035 |
|
|
|a (RuTPU)RU\TPU\book\201250
|
| 090 |
|
|
|a 185535
|
| 100 |
|
|
|a 20101012d1988 km y0rusy50 ca
|
| 101 |
0 |
|
|a rus
|
| 102 |
|
|
|a RU
|
| 105 |
|
|
|a a z 001zy
|
| 200 |
1 |
|
|a Методы адаптивной обработки сигналов передачи данных
|f С. А. Курицын
|
| 210 |
|
|
|a Москва
|c Радио и связь
|d 1988
|
| 215 |
|
|
|a 144 с.
|c ил.
|
| 320 |
|
|
|a Библиогр.: с. 139-142.
|
| 610 |
1 |
|
|a дискретные сигналы
|
| 610 |
1 |
|
|a данные
|
| 610 |
1 |
|
|a передача
|
| 610 |
1 |
|
|a оптимальная обработка
|
| 610 |
1 |
|
|a перекурсивные фильтры
|
| 610 |
1 |
|
|a адаптация
|
| 610 |
1 |
|
|a нелинейные алгоритмы
|
| 610 |
1 |
|
|a рекурсивные адаптивные фильтры
|
| 610 |
1 |
|
|a линейное оценивание
|
| 675 |
|
|
|a 621.391.8
|v 3
|
| 700 |
|
1 |
|a Курицын
|b С. А.
|g Сергей Александрович
|
| 801 |
|
1 |
|a RU
|b 63413507
|c 20101012
|
| 801 |
|
2 |
|a RU
|b 63413507
|c 20110113
|g RCR
|
| 942 |
|
|
|c BK
|